01573nam a22002897a 4500003000400000005001700004007000300021008004100024020001800065020003800083040002500121041000800146082002100154100003800175245008800213260006400301300002200365500004000387504004100427505002000468505001500488505040900503505024600912700003901158700003901197700004701236OSt20250120125838.0ta210201e2020 dr ||||gr|||| 001 0 spa d a9789945425543 a9789945425536 (versión digital) aDO-SdBNPbspacBNPHU hspa aBNPHU-xxxbV985i aVásquez Correa, Domingo Rafael.10aInterpretación constitucional /cHermógenes Acosta de los Santos , Domingo Gil. aSanto Domingo :bEscuela Nacional de la Judicatura , c2020 a185 pg. ;c22 cm. aIncluye notas al pié de página. aIncluye bibliografía, pg. 183-185.1 aPresentación.1 aPrólogo.1 aPrimera parte : los principios de la interpretación constitucional.tCapítulo 1 : principio de interpretación constitucional. Capítulo 2 : Estudio de los principios de interpretación constitucional. Capítulo 3 :Análisis particular de los principio se interpretación constitucional. Capítulo 4 : la interpretación de la constitución. Capítulo 5 : los métodos de interpretación.1 aTercera parte : límites de la interpretación constitucional.tCapítulo 6 : la necesidad del establecimiento de límites a la interpretación constitucional. Capítulo 7 : los controles sobre la labor del intérprete constitucional.12aAcosta de los Santos, Hermógenes12aAcosta de los Santos, Hermógenes12aGil, Domingo A.q(Domingo Antonio),d1953-